00237nam a2200097Ia 4500008004100000041001200041100001400053245006000067260000600127650000600133221030s9999 xx 000 0 und d aEnglish aHiziroglu 0aElectromagnetic Field Theory Fundamentalscby Hiziroglu c0 aB